Bible Quiz - Statistics

General Stats
  • This quiz has been taken 611 times
    599 since last reset
  • The average score is 10 of 15
Answer Stats
Hint Answer % Correct
First man created on Earth according to Genesis? Adam
100%
In Noah's Arc, the rain fell upon the earth for how many nights and days? 40
94%
How old is Jesus Crucified? 33
87%
The father of many nations is the first of the three biblical patriarchs. Abraham
81%
He was described as a crop farmer and his younger brother as a shepherd and committed the first murder by killing Abel? Cain
79%
Who's wife became a pillar of salt during the destruction of Sodom and Gomorrah? Lot
75%
He is among the first of the disciples called during Jesus' ministry? Peter
74%
A religious leader whose life and teachings are recorded in the Bible’s New Testament. Jesus
65%
In what Chapter and Verse of the Bible you can find "For God so loved the world, that he gave his only begotten Son, that whosoever believeth in him should not perish, but have everlasting life." John 3:16
64%
How old is Sarah when she get pregrant? 100
57%
Who led the Israelites to the Promised Land? Joshua
57%
What is the cause Jesus death? Crucifixion
55%
He is known for the kiss and betrayal of Jesus to the Sanhedrin for thirty silver coins. Judas Iscariot
55%
He is a king who also known as a Roman client king of Judea? Herod
46%
A person who adheres to Christianity, an Abrahamic, monotheistic religion based on the life and teachings of Jesus Christ. Christians
9%
No matching quizzes found
Score Distribution
Percent of People with Each Score
Percentile by Number Answered
Your Score History
You have not taken this quiz since the last reset